[Event "Treppenturnier 2023"]
[Site "Turnierstufe"]
[Date "2024.09.03"]
[Round "42-3"]
[White "Reflection II max Corona D+"]
[Black "Star Diamond"]
[Result "0-1"]
[WhiteElo "2158"]
[BlackElo "2135"]
[PlyCount "150"]

1.e4 d6 2.d4 Nf6 3.Nc3 g6 4.Be2 Bg7 5.Nf3 O-O 6.O-O Bg4 7.Be3 Nc6 8.Qd2 e5 9.d5 
{Buchende.} 9...Ne7 {Buchende.} 10.Bh6 ( {Oder besser} 10.Rad1 ) 10...c6 
11.dxc6 Bxh6 12.Qxh6 Nxc6 $2 {Ein Fehlzug...,} 13.Rae1 $2 {aber D+ vergibt den
Matchlball - unverständlich.} ( 13.Ng5 $1 {natürlich und dann} 13...Ne7 {Was
soll erst sonst machen?} 14.Bxg4 {und nun geht schon nicht mehr viel:} 14...Kh8 
15.Be2 {und dem Schwarzen fehlt ein Läufer.} ) 13...Bxf3 14.Bxf3 $10 Nd4 15.Bd1 
Qb6 16.Qc1 {Corona hat nichts aus seinem Vorteil gemacht und ist in der
Defensive.} 16...Rfc8 17.Kh1 {Bereitet ...} 17...Rc4 18.f4 {... vor.} 18...Re8 
19.f5 {Und schon hat der Novag wieder (leichte) Probleme.} 19...Qd8 20.fxg6 
fxg6 21.Qh6 Rf8 22.Rf2 Ne6 23.Rf3 Rd4 24.Rff1 {D+ hat aber keine Idee, wie es
weitergehen soll.} 24...Rb4 25.b3 Rd4 26.Bf3 Qa5 $10 {Alles im Lot.} 27.Ne2 Rd2 
$2 28.b4 $1 $16 {Nicht mehr alles im Lot. Beide sehen aber noch nicht, dass Weiß
nun quasi gewonnen hat.} 28...Qxb4 29.Rb1 Qa5 30.Rxb7 Rf7 31.Rb8+ Rf8 
{(-00.38)} 32.Bg4 {(+0150)} ( {Besser noch} 32.Rxf8+ Nxf8 33.Bg4 {... mit
einigen Drohungen.} ) 32...Rxb8 33.Bxe6+ Kh8 34.Ng1 $1 {Jeder andere Zug führt
nur zum Ausgleich, z.B:} ( 34.Ng3 Ng8 35.Bxg8 Kxg8 36.h3 Rxc2 37.Nh5 gxh5 
38.Qg5+ Kh8 39.Qf6+ Kg8 40.Qg5+ {...} ) ( 34.Bc4 Rxe2 35.Bxe2 Qd8 36.Bc4 Qe7 
37.h3 Rc8 38.Bb3 a5 39.a4 Rf8 40.Rf3 Qg7 41.Qd2 Qc7 42.Qh6 Qg7 {...} ) 34...Ng8 
35.Rf8 Rd1 36.Bxg8 Rxg1+ 37.Kxg1 Qb6+ 38.Kf1 Qb1+ 39.Kf2 Rxf8+ 40.Qxf8 Qxc2+ 
41.Ke3 Qc3+ 42.Kf2 Qc2+ 43.Kg3 {(+0044) D+ sieht keinen Gewinn. Der liegt auch
weit hinter dem Horizont.} 43...Qd3+ {(-01.96) Star Diamond hat schon eine
Ahnung.} 44.Kg4 Qxe4+ 45.Kh3 {(+0023)} 45...Qd3+ {(-01.80)} 46.g3 Qf5+ ( 
46...h5 {Matt in 5} 47.Bc4+ Kh7 48.Qg8+ Kh6 49.Bxd3 e4 50.Bxe4 g5 51.Qf8# ) ( 
46...h6 47.Be6+ Kh7 48.Qg8# ) 47.Qxf5 {(+0096)} 47...gxf5 {(-01.11)} 48.Be6 Kg7 
49.Bxf5 h6 50.Be4 Kf6 51.Kg4 Ke6 52.Kh5 d5 53.Bb1 e4 54.Kxh6 Ke5 55.h4 $2 {ist
nur Remis. Autsch.} ( {So z.B. kann Weiß gewinnen:} 55.Kg5 e3 56.Bd3 Kd4 57.Ba6 
Ke4 58.g4 d4 59.Kh4 d3 60.Kg3 {...} ) 55...Kd4 56.Bc2 e3 {(00.00)} 57.Bd1 
{(+0045)} 57...Ke4 58.Bh5 Ke5 {Nach ca. 8 Minuten spielt D+ mit Bewertung
(+00.30):} 59.Bd1 $4 {und verliert noch!} ( 59.Be2 {und Remis.} ) 59...d4 
{(+04.57)} 60.Be2 {(-0528) Jetzt sieht er es!} 60...Ke4 {Rest in je 1 Stunde.} 
61.Bb5 d3 62.g4 e2 63.h5 e1=Q 64.g5 d2 65.Ba4 Kf5 66.Bc2+ Kg4 67.Bb3 Qc1 
68.Be6+ Kf4 69.Bb3 Kf5 70.Ba4 d1=Q {Mattankündigung.} 71.Bxd1 Qxg5+ 72.Kh7 Kf6 
73.h6 Qg6+ 74.Kh8 Qxh6+ 75.Kg8 Qg7# 0-1

[Event "Treppenturnier 2023"]
[Site "Turnierstufe"]
[Date "2024.09.05"]
[Round "42-4"]
[White "Star Diamond"]
[Black "Reflection II max Corona D+"]
[Result "1/2-1/2"]
[WhiteElo "2146"]
[BlackElo "2147"]
[PlyCount "143"]

1.e4 c5 2.Nf3 e6 3.d4 cxd4 4.Nxd4 Nf6 5.Nc3 Nc6 6.Ndb5 Bb4 7.Bf4 Nxe4 8.Qf3 d5 
9.Nc7+ Kf8 10.O-O-O Bxc3 11.bxc3 {Buchende.} 11...e5 {Buchende.} ( 11...Rb8 
{oder} ) ( 11...g5 {sind hier üblich. Nun wird's schwer für beide, den richtigen
Faden zu behalten.} ) 12.Nxd5 {Der beste Zug.} 12...Bg4 $6 ( {D+ könnte} 
12...f5 {spielen.} ) 13.Qxe4 Bxd1 14.Bxe5 Bh5 $10 {Trotz unterschiedlichen
Materials eine gleichwertige Stellung. Auch für einen Menschen, der die
Andersen-Variante im Sizilianer nicht genau kennt, dürfte dies nicht leicht zu
spielen sein.} 15.Bc7 {Der Novag fühlt sich nicht sonderlich wohl: (-01.50)} 
15...Qd7 16.Bc4 Re8 {Corona hingegen schon. (-0082)} 17.Qf4 Kg8 18.f3 Bg6 
19.Rd1 Qc8 20.h4 h6 21.g4 $1 {Der richtige Plan.} 21...h5 22.Qg5 Qe6 23.Bf4 
hxg4 24.Ne3 $6 {Nicht so gut, provoziert den Damentausch, mit anschließender
Befreiung des schwarzen Königs.} ( {Einfach} 24.fxg4 {.} ) 24...Qf6 25.Qxf6 
gxf6 26.Nxg4 Kg7 27.Bg3 f5 28.Nh2 f4 29.Bf2 Rd8 30.Rxd8 Rxd8 31.Bb5 f6 32.Bxc6 
bxc6 33.Ng4 Bf5 34.Bxa7 Bxg4 35.fxg4 Kf7 36.a4 f3 37.Bf2 Rg8 $6 ( 37...Ke6 ) ( 
37...f5 ) 38.a5 Rxg4 39.a6 Ra4 40.a7 Ke6 $2 ( 40...Kg6 ) 41.h5 {Jetzt wird's
wohl ein Remis.} 41...Kf5 42.Be3 Ra5 43.Kd2 Ra1 44.c4 Ra3 45.Bc5 Ra2 46.Ke3 f2 
$2 {Verdirbt D+ es noch?} 47.Kxf2 Rxc2+ 48.Kf3 $6 ( {Richtig, aber zu tief:} 
48.Ke3 Ra2 49.Bb6 Ra4 50.Kd4 Ke6 51.Kc5 f5 52.Kxc6 Rxc4+ 53.Kb5 Rc8 54.Bc7 Ra8 
55.Kb6 f4 56.Bxf4 Kf5 57.Kb7 {... und gewinnt.} ) 48...Ra2 49.Be3 Ra4 50.Kg3 
Ra3 51.Kh4 Ra1 52.h6 Kg6 53.Kg3 Ra6 54.Kf3 Ra3 55.Kg2 Ra5 56.Kh3 Ra6 57.Kg4 Ra3 
$2 58.Bd4 ( 58.h7 $3 {Die richtige Antwort ist natürlich wieder viel zu tief und
zunächst auch noch mit einem Bauernopfer verbunden:} 58...Kxh7 59.Kf5 Kg7 
60.Bc5 Ra6 61.Ke6 f5 62.Kd7 Kf6 63.Kc7 Ke5 64.Kb7 Ra1 65.Kxc6 f4 66.Kb7 Ke4 
67.Bf2 Kd3 68.c5 Rb1+ 69.Kc7 Ra1 70.c6 f3 71.Bb6 Ke2 72.Kb7 f2 73.Bxf2 Kxf2 
74.a8=Q Rxa8 75.Kxa8 {...} ) 58...Ra5 59.Bb6 Ra4 60.h7 {Star Diamond spielt den
Zug nun, aber bei dieser Position des Turms ist es weiter nur Remis.} 60...Kxh7 
{Rest in je 1 Stunde.} 61.Kf5 Kg7 62.Ke6 f5 63.Kxf5 Kf7 64.Ke5 Ke7 65.Bc5+ Kd7 
66.Kd4 Kc7 67.Kc3 Kb7 68.Bd4 Ra5 69.Kb4 Rh5 70.Bb6 Rh2 71.Kc3 Rh1 72.c5 {Da
passiert nichts mehr, Remis.} 1/2-1/2

[Event "Treppenturnier 2023"]
[Site "Turnierstufe"]
[Date "2024.09.09"]
[Round "42-5"]
[White "Reflection II max Corona D+"]
[Black "Star Diamond"]
[Result "0-1"]
[WhiteElo "2147"]
[BlackElo "2146"]
[PlyCount "76"]

1.c4 c5 2.Nc3 Nc6 3.Nf3 Nf6 4.d4 cxd4 5.Nxd4 e6 6.Ndb5 d5 7.Bf4 e5 8.cxd5 exf4 
9.dxc6 bxc6 10.Qxd8+ Kxd8 11.Rd1+ Bd7 12.Nd6 {Buchende.} 12...Bxd6 13.Rxd6 Rb8 
{Buchende.} 14.b3 Rb4 15.Rd3 Ke7 16.g3 Bf5 17.Rf3 Nh5 18.a3 Rbb8 19.gxf4 $10 
Kf8 $2 {Antipositionell.} 20.b4 a5 21.bxa5 g6 22.a6 Bc8 $14 23.f5 Bxf5 24.e4 
Bg4 25.Rd3 Nf4 26.Rd6 Rb3 27.a4 {(+0105) D+ ist dem Gegner kombinatorisch
ebenbürtig...} 27...Ke7 {(-00.23)} ( 27...Rxc3 28.Rd8+ Kg7 29.Rxh8 Kxh8 30.a7 
Rc1+ 31.Kd2 Rd1+ 32.Ke3 Rd8 33.Kxf4 {...} ) 28.Rxc6 Rd8 29.Nd5+ $4 {(+0081?) ...
D+ ist leider nicht ganz ebenbürtig, denn hier ist er zu kurzsichtig und greift
daneben.} 29...Nxd5 {(+03.42)} 30.exd5 {(-0189) zu spät.} 30...Rb1+ 31.Kd2 
Rxd5+ 32.Ke3 {So kommt das Ende schneller.} ( 32.Kc3 {.} ) 32...Rb3+ 33.Bd3 
Rdxd3+ 34.Kf4 {Star Diamond kündigt ein Matt in 8 an:} 34...Rb4+ 35.Ke5 {Macht
es kürzer.} ( 35.Kg5 Rd5+ 36.Kh4 Be2+ 37.f4 Rxf4+ 38.Kg3 Rf3+ 39.Kg4 h5+ 40.Kh4 
g5+ 41.Kxh5 Rh3# ) 35...Be6 36.Rxe6+ fxe6 37.Rd1 Rxd1 38.f4 Rd5# 0-1

[Event "Treppenturnier 2023"]
[Site "Turnierstufe"]
[Date "2024.09.10"]
[Round "43-1"]
[White "Star Diamond"]
[Black "Reflection II max Amsterdam"]
[Result "0-1"]
[WhiteElo "2156"]
[BlackElo "2150"]
[PlyCount "88"]

1.d4 d5 2.c4 c6 3.Nc3 e6 4.e3 Nf6 5.Nf3 Nbd7 6.Bd3 Bd6 7.e4 dxe4 8.Nxe4 Nxe4 
9.Bxe4 O-O 10.O-O h6 {Buchende.} 11.Bc2 Nf6 12.Be3 {Buchende.} 12...b5 13.b3 
{Sehr vorsichtig.} ( 13.c5 {sieht gut aus, etwa mit der Folge:} 13...Bc7 14.Ne5 
Bxe5 15.dxe5 Qxd1 16.Rfxd1 Nd5 17.Be4 {...} ) 13...Qc7 14.Qd3 Rd8 15.Qc3 Ng4 
16.h3 Nxe3 17.fxe3 Bb7 18.Qd3 g6 19.Nh4 $10 {Alles ruhig bisher, aber nun ...} 
19...c5 $2 ( 19...f5 {ist ok.} ) 20.cxb5 $2 {Falsche Antwort.} ( 20.Rf6 $1 {und
z.B.} 20...Rd7 21.Raf1 Bh2+ 22.Kh1 Qg3 23.Nf3 Kg7 24.e4 bxc4 25.bxc4 cxd4 
26.Nxh2 Qxd3 27.Bxd3 {...} ) 20...cxd4 {(+0.80)} 21.e4 {(-01.96)} 21...Rac8 
22.Bd1 Bf4 {(+2.36)} 23.Kh1 Qe5 24.Qf3 g5 25.Qh5 d3 26.Rb1 Bxe4 27.Bf3 d2 
28.Rbd1 Bc2 29.g3 Bxg3 30.Ng2 Bxd1 31.Bxd1 Rd7 32.Qxh6 Rc3 33.Kg1 Qc5+ 34.Kh1 
Bb8 35.Rg1 Rdd3 36.Ne3 {Star Diamond gibt auf.} 36...Bf4 {Das Mattsetzen sei
Amsterdam gegönnt.} 37.h4 Rxe3 38.Rxg5+ Bxg5 39.Qxg5+ Qxg5 {Mattankündigung.} 
40.hxg5 Rc1 41.Kg1 Rxd1+ 42.Kh2 Rh1+ 43.Kg2 d1=Q 44.Kf2 Qe2# 0-1

[Event "Treppenturnier 2023"]
[Site "Turnierstufe"]
[Date "2024.09.11"]
[Round "43-2"]
[White "Reflection II max Amsterdam"]
[Black "Star Diamond"]
[Result "1-0"]
[WhiteElo "2160"]
[BlackElo "2147"]
[PlyCount "128"]

1.Nf3 d5 2.d4 Nf6 3.Bg5 {Buchende.} 3...Ne4 4.Bh4 c5 5.dxc5 Nc6 {Buchende.} 
6.c3 ( 6.e3 {oder} ) ( 6.Nbd2 ) 6...Nxc5 7.e3 Bg4 8.h3 Bxf3 9.Qxf3 Qb6 10.b3 
Ne4 11.Bd3 Ne5 12.Qe2 Nxd3+ 13.Qxd3 e6 14.O-O Bd6 ( 14...g5 15.Bg3 Bg7 {... mit
Angriff auf c3 wäre eine Überlegung wert.} ) 15.f3 Ng3 16.Bxg3 Bxg3 17.Nd2 Bf4 
18.Kf2 O-O 19.Rac1 Be5 20.Ke2 Rac8 $15 {Nach 20 Zügen steht Weiß sehr gedrängt.
Star Diamond hat Raumvorteil, drückt auf c3 und e3.} 21.c4 d4 22.exd4 Qxd4 $6 ( 
{Warum schlägt nicht der Läufer?} 22...Bxd4 {und z.B.} 23.f4 ( 23.Rcd1 Rcd8 
24.f4 e5 25.f5 Qa5 26.Qc2 e4 {...} ) 23...Rcd8 24.Rcd1 e5 25.f5 Qa5 26.Ne4 
Qxa2+ 27.Rd2 Qa6 {...} ) 23.Qxd4 Bxd4 {Der schwarze Druck ist weg.} 24.Ne4 Rfd8 
25.Rfd1 Kf8 26.Rd2 Be5 27.Rcd1 Rxd2+ 28.Rxd2 Ke7 29.Ke3 Bc7 30.f4 Bb6+ 31.Kf3 
Rc7 32.g4 Ba5 33.Rd1 Rd7 $5 34.Rxd7+ Kxd7 {(+00.11) Der Novag meint nicht, dass
der Tausch ein Fehler ist ...} 35.Ng5 {(+1.00) ... der A'dam schon.} 35...f6 
36.Nxh7 Ke7 37.h4 Kf7 {Star Diamond will den Springer kalt stellen bzw. fangen.} 
38.g5 Bc3 39.h5 Bb2 40.g6+ {A'dam hat recht.} 40...Ke7 41.b4 Ba3 42.b5 ( 42.Kg4 
{.} ) 42...b6 43.Ke3 Bc1+ 44.Ke4 f5+ 45.Kf3 e5 46.Ng5 ( {Für Hiarcs ist die
Stellung für Weiß längst gewonnen, z.B.} 46.fxe5 Bd2 47.a4 Bh6 48.Ke2 Bf4 49.c5 
Bxe5 50.c6 Bh2 51.Kd3 Bb8 52.Kc4 Bh2 53.Kd5 Bf4 54.h6 Bxh6 55.Nf8 Bf4 56.Ne6 
Bb8 57.Nxg7 f4 58.Ke4 Kf6 59.Nh5+ Kxg6 60.Nxf4+ Kf7 61.Nd5 Ke6 62.c7 {usw.} ) 
46...e4+ 47.Kf2 Bb2 48.Nf7 Kf6 49.Nd6 Ke6 {Star Diamond glaubt immer noch an ein
Remis: (-00.42)} 50.Nc8 {(+1.04)} 50...Bc1 51.Kg3 Ba3 52.Nxa7 Bb4 53.Kf2 Bd6 
54.Ke3 Bc5+ 55.Ke2 Bd6 56.Nc8 Bxf4 57.Nxb6 Bg5 58.Nd5 f4 59.b6 f3+ 60.Kf2 Bh4+ 
{Rest in 1 Minute pro Zug/ in 1 Stunde.} 61.Kf1 Bg3 62.h6 e3 63.Nxe3 gxh6 64.g7 
Kf7 {(rESiGn) Star Diamond gibt auf.} 1-0

[Event "Treppenturnier 2023"]
[Site "Turnierstufe"]
[Date "2024.09.12"]
[Round "43-3"]
[White "Star Diamond"]
[Black "Reflection II max Amsterdam"]
[Result "1-0"]
[WhiteElo "2137"]
[BlackElo "2170"]
[PlyCount "151"]

1.e4 e5 2.Nf3 Nc6 3.Bb5 a6 4.Ba4 d6 5.c3 Bd7 6.d4 Nge7 7.Bb3 h6 8.Nbd2 Ng6 
9.Nc4 Be7 {Buchende.} 10.Ne3 {Buchende.} 10...O-O 11.O-O Na5 12.Ba4 b5 13.Bc2 
c5 14.Qd2 Be6 15.d5 Bd7 16.Rd1 Bg5 17.Nxg5 Qxg5 18.Kh1 Qf6 19.f3 Nf4 20.Qf2 
Rab8 21.Nf5 Bxf5 22.exf5 Nh5 23.a4 ( {Das naheliegende} 23.b3 {ist
vorteilhafter.} ) 23...b4 24.Qe2 bxc3 25.bxc3 Rb6 26.Bd2 Qh4 27.Be1 Qd8 28.Rab1 
Nf4 29.Qe4 Rxb1 30.Rxb1 $14 {Nach diesem Tausch ist Weiß leicht im Vorteil.} 
30...Nh5 ( 30...c4 {Ist die bessere Wahl.} ) 31.Bh4 ( 31.c4 {sieht gesünder
aus.} ) 31...Qc7 ( {Besser:} 31...Nf6 ) 32.g3 $6 ( {Zu tief ist wohl:} 32.f6 $1 
g6 ( 32...Nxf6 33.Bxf6 g6 34.Qh4 Kh7 35.g4 Rh8 36.g5 {...} ) 33.g4 Nf4 34.Bg3 
Nh3 35.Qe3 Kh7 36.Kg2 {...} ) 32...Nf6 33.Bxf6 gxf6 34.f4 Rb8 35.Rxb8+ Qxb8 
{Ein Königsangriff bringt nun nichts mehr.} 36.fxe5 dxe5 {Was sonst?} ( 
36...fxe5 37.f6 Kf8 38.Qh7 Qb1+ 39.Bxb1 Ke8 40.Bf5 Kd8 41.Qxf7 Nc4 42.Qd7# ) 
37.Bd3 Qb3 38.d6 Kf8 39.c4 $6 Qxa4 $6 ( 39...Qb7 $1 {Nach dem folgenden
Damentausch kann Schwarz Bauern pflücken gehen.} ) 40.Qa8+ {Das riecht nach
Remis.} 40...Kg7 41.Qd5 Qa1+ 42.Kg2 Qb2+ 43.Kh3 Qd4 44.d7 Nc6 45.Qxc6 Qxd3 
46.Qd5 Qe2 $1 {Der einzige Zug, der das Remis gewährleistet. A'dam lässt sich
nicht täuschen.} ( 46...Qxf5+ $2 47.Kg2 Qc2+ 48.Kf1 Qc1+ 49.Ke2 Qc2+ 50.Qd2 
Qxc4+ 51.Kf2 {...} ) 47.Qxc5 Qd3 48.Qd5 Qe2 49.g4 h5 50.gxh5 Qxh5+ $4 {(-0.04)
Nun greift Mephisto doch noch daneben! Der Verlust ist für ihn nicht erkennbar.} 
( {Einfach} 50...Qe3+ 51.Kh4 Qg5+ 52.Kh3 Qe3+ {und Remis.} ) 51.Kg3 {(+03.80)} 
51...Qg5+ 52.Kf2 Qxf5+ 53.Ke3 Qf4+ {Nun sieht er es. (-5.08)} 54.Ke2 Qxh2+ 
55.Kd1 Qg1+ 56.Kc2 Qf2+ 57.Qd2 Qf1 58.d8=Q Qxc4+ 59.Kb2 Qb5+ 60.Ka3 {Rest in 1
Stunde.} 60...Qc5+ {Rest in 1 Minute pro Zug.} 61.Kb3 Qg1 62.Qc2 a5 63.Qdd2 Qg4 
64.Qg2 Qg5 65.Ka4 Qg6 66.Qge4 Kh6 67.Qh2+ {Weiß möchte noch ein wenig quälen
...} 67...Kg7 {... aber dann:} 68.Qeh1 {Mattankündigung.} 68...Kf8 69.Qh8+ Qg8 
70.Qa8+ Ke7 71.Qb7+ Kf8 72.Qh6+ Qg7 73.Qc8+ Ke7 74.Qxg7 Kd6 75.Qxf7 e4 76.Qfe6# 1-0

[Event "Treppenturnier 2023"]
[Site "Turnierstufe"]
[Date "2024.09.15"]
[Round "43-4"]
[White "Reflection II max Amsterdam"]
[Black "Star Diamond"]
[Result "1-0"]
[WhiteElo "2159"]
[BlackElo "2147"]
[PlyCount "156"]

1.e4 c5 2.Nf3 d6 3.Bb5+ Bd7 4.Bxd7+ Qxd7 5.O-O {Buchende.} 5...Nf6 6.e5 dxe5 
7.Nxe5 Qc7 {Buchende.} 8.Re1 Nc6 9.Nxc6 Qxc6 10.Nc3 e6 11.d3 O-O-O 12.Qe2 Bd6 
13.a4 Bb8 {Ungewöhnlich, aber ok.} 14.Bg5 h6 15.Bxf6 {(+0.24) Verpasst dem
Schwarzen einen Doppelbauern, wie es so die Art von A'dam ist. Allerdings öffnet
sich nun die g-Autobahn auf den weißen Monarchen.} 15...gxf6 {Star Diamond sagt
(+00.88)} 16.Qe4 Qc7 17.g3 f5 18.Qh4 Qb6 19.Ra2 Qb4 20.Qf6 Rh7 21.a5 Qd4 
22.Qxd4 {A'dam reicht ein Remis zu weiterkommen.} 22...cxd4 23.Ne2 f6 24.a6 e5 
25.axb7+ Rxb7 26.b3 Kd7 27.Rf1 Rc8 28.f4 Rbc7 29.Rc1 Ke6 30.Kg2 Rd7 31.Re1 e4 
$5 {Star Diamond spekuliert wieder...} ( {Besser z.B.} 31...Kd5 ) 32.Rc1 ( 
{Besser:} 32.Rd1 ) 32...Rcd8 33.h3 Rd6 34.Ra4 Kf7 35.Rca1 h5 36.Rc4 a6 37.Raa4 
Ba7 38.Rc7+ R8d7 39.Rxd7+ Rxd7 40.Rxa6 {... und spekuliert falsch...} 40...Bc5 
41.Rc6 Ba7 42.Kf1 e3 $5 {... und mogelt weiter. Gegen Menschen mag das
funktionieren, aber kaum gegen das ausgefeilte Lang-Programm.} ( 42...Ke7 ) 
43.Kg2 Rb7 44.Rd6 h4 {Der Novag scheint zu resignieren.} 45.gxh4 Ke7 46.Rc6 Ke8 
47.Kf3 Kf7 48.h5 {(+3.68)} 48...Re7 {(-01.76)} 49.b4 Rb7 50.b5 Ke8 {Nichts geht
mehr für Schwarz.} 51.h6 Kf7 52.h7 Kg7 53.Rxf6 Kxh7 54.Rxf5 Rd7 55.Rf6 Kg7 
56.Rc6 Rb7 57.f5 Kf7 58.Ke4 Re7+ 59.Kd5 Rb7 60.Kc4 {Rest mit 1 Minute pro Zug.} 
60...Bb6 {Rest in 1 Stunde.} 61.h4 Bd8 62.h5 Bb6 63.h6 Rb8 64.Kd5 ( 64.Rg6 $1 ) 
64...Rd8+ 65.Ke5 Rb8 66.Rg6 {Na also.} 66...Re8+ 67.Re6 Rb8 68.h7 Bc5 69.Kd5 
Bb4 70.Nxd4 Kg7 71.Rxe3 Kxh7 72.c4 Rd8+ 73.Ke4 Re8+ 74.Ne6 Kg8 75.d4 Kf7 76.b6 
Rb8 77.c5 Kf6 78.Rb3 Ba5 {(rESiGn) Star Diamond gibt auf.} 1-0

[Event "Treppenturnier 2023"]
[Site "Turnierstufe"]
[Date "2024.09.17"]
[Round "44-1"]
[White "Reflection II max Amsterdam"]
[Black "Reflection II max Super Expert B sel. 4"]
[Result "1/2-1/2"]
[WhiteElo "2169"]
[BlackElo "2170"]
[PlyCount "133"]

1.e4 c5 2.Nf3 d6 3.d4 cxd4 4.Qxd4 Nc6 5.Bb5 Bd7 6.Bxc6 Bxc6 7.Nc3 Nf6 
{Buchende.} 8.Bg5 e6 9.Rd1 {Buchende.} 9...Be7 10.O-O O-O 11.Rfe1 h6 12.Bxf6 
Bxf6 13.Qxd6 Bxc3 14.bxc3 Qxd6 15.Rxd6 Rad8 16.Rd4 f6 17.Rxd8 Rxd8 18.Nd4 Kf7 
19.Nxc6 bxc6 $10 {Alles ist ausgeglichen, nun folgt ein Turmendspiel. Mal
schauen ...} 20.Rb1 Rd2 21.Rb7+ Kg6 22.g3 Rxc2 23.Rxa7 Rxc3 24.a4 c5 25.a5 c4 
26.Rc7 Ra3 27.Rxc4 Rxa5 28.Kg2 Ra2 29.g4 h5 30.gxh5+ Kxh5 31.Rc7 Kh6 32.Kg3 e5 
33.Rf7 Ra1 34.f3 Rg1+ 35.Kf2 Rc1 36.h3 Rh1 37.Kg2 Rd1 38.h4 {(0.00)} 38...Kg6 
{(00.00)} 39.Rc7 Rb1 40.Kg3 Kh5 41.Ra7 g5 42.hxg5 Kxg5 43.Rg7+ Kh6 44.Rc7 Kh5 
45.Rh7+ Kg6 46.Rd7 f5 47.Rd6+ Kg5 48.Re6 f4+ 49.Kh3 Rh1+ 50.Kg2 Rb1 51.Rxe5+ 
Kh4 52.Rd5 Rb2+ 53.Kf1 Kg3 54.Rd3 Rf2+ 55.Ke1 Rxf3 56.Rxf3+ Kxf3 57.e5 Kg2 
58.e6 f3 59.e7 f2+ 60.Kd2 f1=Q 61.e8=Q Qf4+ 62.Kc3 Qf6+ 63.Kb3 Qd4 64.Qf7 Kg3 
65.Qh7 Kg4 66.Kc2 Qc4+ 67.Kd2 {Da stellt keiner mehr seine Dame ein - Remis
gegeben.} 1/2-1/2

[Event "Treppenturnier 2023"]
[Site "Turnierstufe"]
[Date "2024.09.19"]
[Round "44-2"]
[White "Reflection II max Super Expert B sel. 4"]
[Black "Reflection II max Amsterdam"]
[Result "1/2-1/2"]
[WhiteElo "2170"]
[BlackElo "2169"]
[PlyCount "157"]

1.e4 e5 2.Nf3 Nc6 3.Bb5 a6 4.Bxc6 dxc6 5.O-O Qd6 6.d4 exd4 {Buchende.} 7.Qxd4 
{Buchende.} 7...Bg4 8.Qe5+ Ne7 9.Qc3 Ng6 10.h3 Be6 11.Ng5 O-O-O 12.Nd2 f6 
13.Nxe6 Qxe6 14.f4 Qe7 15.Kh1 h5 16.a3 h4 17.b4 c5 18.Rb1 Qd6 19.Qf3 Qd7 
{Allmählich gerät Amsterdam in die Defensive.} 20.bxc5 Bxc5 21.Rd1 $6 {Nicht so
gut.} ( 21.Nb3 {sieht z. B. besser aus} 21...Bb6 22.Be3 Ne7 ( 22...Bxe3 23.Qxe3 
b6 24.Qe2 Ne7 {...} ( 24...a5 $2 25.Qa6+ Kb8 26.Nxa5 c6 27.Rxb6+ Kc7 28.Rxc6+ 
Kb8 29.Rb1+ Qb7 30.Qxb7# ) ) 23.Bxb6 cxb6 {...} ) 21...Kb8 22.Rb3 Qe7 23.a4 {Es
ist viel Spannung auf dem Brett ...} 23...Rd4 24.Qg4 Rh6 25.Rd3 Rxa4 26.Rd7 Qe8 
27.Nb3 {... und es sieht so aus, als ob Super Expert B den besseren Überblick
hat.} 27...Bd6 28.Nc5 Ra1 29.Nb3 ( {Zu tief sind die Varianten nach} 29.e5 $1 
Bxc5 30.Rd8+ Qxd8 31.Rxd8+ Ka7 32.Rd1 fxe5 33.Qf5 Bd4 34.fxe5 Nxe5 35.Rxd4 
Rxc1+ 36.Kh2 {...} ) 29...Rxc1 {A'dam hält mit.} 30.Nxc1 Qxe4 31.Rd8+ Ka7 {Nun
hat Weiß eine Remis-Kombination:} 32.Qc8 $1 {(00.00)} 32...Be7 $2 {Verlustzug.} 
( 32...Nxf4 $1 33.Qb8+ Kb6 34.R8xd6+ cxd6 35.Qxd6+ Kb5 36.Qd7+ Kb6 37.Qd6+ {...
und Remis.} ) 33.Qb8+ {(+01.71)} ( {Stärker noch:} 33.Qa8+ Kb6 34.Nd3 Rh5 
35.Rb8 Rb5 36.Ra1 Kc6 37.Rxa6+ $1 {...} ) 33...Kb6 34.Nd3 Rh5 35.Rd7 Qc6 
36.Rb1+ {Vergibt den Vorteil.} ( {Verpasst das stärkere} 36.Ne5 $1 fxe5 ( 
36...Rxe5 37.fxe5 Qxc2 38.R7d2 Qe4 39.Rc1 {...} ) 37.Rb1+ Bb4 38.Rxc7 Qxc7 
39.Rxb4+ Kc5 40.Qxc7+ {...} ) 36...Rb5 37.Rxb5+ axb5 38.Qe8 Qe4 39.Qc8 Bd6 
40.Qd8 Ka7 41.Rxd6 {und dann wird's doch Remis, oder?} 41...cxd6 42.Qa5+ Kb8 
43.Qd8+ Ka7 44.Qa5+ Kb8 45.Ne5 Kc8 46.Qa8+ Kc7 47.Qa5+ Kc8 48.Qc3+ Kd8 49.Qa5+ 
Ke8 50.Nxg6 Qxg6 51.Qxb5+ Kf8 52.Qb4 Kg8 53.Qxb7 Qf5 54.Qf3 d5 55.Kg1 Qe4 $2 
{Immer bis zum Ende spielen.} 56.Qxe4 {(+01.17)} 56...dxe4 {(+0.04)} 57.Kf2 $4 
{Verloren, aber wie sollen sie das erkennen?} ( 57.f5 $3 {und gewinnt.} ) 
57...f5 {Der Ausgang ist für beide nicht zu erkennnen. Reine Glücksache.} 
58.Ke3 Kf7 59.Kd4 Ke7 60.Ke3 Ke6 {Rest mit 1 Minute pro Zug, bzw. Partie in 1
Stunde.} 61.Kd4 Kd6 62.Kc4 Kc6 63.Kd4 Kb5 64.c4+ Kb6 65.c5+ Kb5 $2 {Remis.} ( 
65...Kc6 $1 ) 66.Kd5 e3 67.c6 e2 68.c7 e1=Q 69.c8=Q Qe4+ 70.Kd6 Qxf4+ 71.Ke6 
Qe4+ 72.Kf7 Qd5+ 73.Qe6 Qb7+ 74.Kf8 Qxg2 75.Qxf5+ Kb6 76.Qe6+ Kb5 77.Qf5+ Kb6 
78.Qe6+ Kb5 79.Qf5+ {Remis 3x.} 1/2-1/2

[Event "Treppenturnier 2023"]
[Site "Turnierstufe"]
[Date "2024.09.21"]
[Round "44-3"]
[White "Reflection II max Amsterdam"]
[Black "Reflection II max Super Expert B sel. 4"]
[Result "1-0"]
[WhiteElo "2169"]
[BlackElo "2170"]
[PlyCount "95"]

1.e4 Nf6 2.e5 Nd5 3.c4 Nb6 4.d4 d6 {Buchende - viel zu früh.} 5.exd6 exd6 6.Nc3 
Be7 7.Bd3 {Buchende.} 7...O-O 8.Nf3 Re8 ( 8...Bg4 {.} ) 9.O-O Bf6 10.Qc2 {Der
schwarze König sieht ein wenig einsam aus.} 10...g6 11.Ne4 Be7 {Kann SEB bei
diesem Entwicklungsnachteil wirklich standhalten?} 12.Bd2 Bg4 13.Neg5 Bxg5 
14.Bxg5 Qc8 15.Ne1 Nc6 16.f3 Bd7 17.d5 Ne5 18.Rc1 c6 19.Qf2 cxd5 $6 20.cxd5 $14 
Qb8 21.Qd4 Na4 $6 {Ignoriert die Schwächen der Felder um den schwarzen König.} 
22.f4 $1 {(+0.68)} 22...Nxd3 {(-00.41)} 23.Nxd3 f5 24.Bh6 ( {Stärker noch:} 
24.Rfe1 Rxe1+ 25.Rxe1 Qc7 26.Re7 {...} ) 24...Re7 25.Rfe1 Rf7 26.b3 ( 26.Ne5 $1 
dxe5 27.fxe5 Re7 28.e6 Qd6 29.exd7 Rxd7 30.Qxa4 {...} ) 26...Nb6 27.a4 Nc8 
28.Re2 {gewinnt auch.} ( {Noch stärker ist::} 28.Re6 $1 ) 28...Nb6 29.a5 Nxd5 
30.Qxd5 Bc6 31.Qe6 a6 32.Nb4 Bd7 {(-03.34)} 33.Qd5 {(+4.00)} 33...Qd8 34.Bg5 
Qf8 35.Re7 Rc8 36.Rxc8 Bxc8 37.Bf6 h6 38.h4 $1 h5 {(-08.65)} 39.g3 {(+9.12)} 
39...Qxe7 40.Bxe7 Kg7 {SEB gibt auf.} 41.Qxd6 Kh7 42.Nd5 Bd7 43.Qxd7 g5 44.Qe8 
{Mattankündigung.} 44...Kg7 45.fxg5 f4 46.Bf6+ Rxf6 47.Nxf6 f3 48.Qg8# 1-0